000 00909nac a22002777a 4500
001 BR9403669
003 BR-BrBNA
005 20240105121545.0
008 230509b bl.|||m| |||| 00| 0 por d
040 _aBR-BrBNA
_bpor
_cBiblioteca Nacional de Agricultura
072 _aP10
090 _aP10 BR9403669
110 1 _aInstituto de Pesquisas de Recursos Naturais Renovaveis Ataliba Paz, Porto Alegre, RS (Brasil)
_96156
245 1 _aEstudo basico da microbacia do Arroio Umbu - Victor Graeff - RS
260 3 _aPorto Alegre, RS (Brasil):
_c1990.
300 _a80 p.
490 _aPublicacao - Instituto de Pesquisas de Recursos Naturais Renovaveis Ataliba Paz (Brazil)
_vno. 23
_x
650 _aMicrobacia
650 _aSolo
650 _aFauna
650 _aAgua
650 _aFlora
650 _aRio Grande do Sul
909 _a202312
_bLúcia Elande
_c55
_dLúcia Elande
942 _2AGRIS
_n0
_cMS
999 _c286003
_d286003